Democracia y mercado: reformas políticas y económicas en la Europa del este y América Latina

Guardat en:
Dades bibliogràfiques
Autor principal: Przeworski, Adam (Autor)
Format: Llibre
Idioma:espanyol
Publicat: Nueva York Cambridge University 1995
Matèries:
Etiquetes: Afegir etiqueta
Sense etiquetes, Sigues el primer a etiquetar aquest registre!

MARC

LEADER 00000nam a2200000 a 4500
001 UCO7106
003 CL-VaPUC
008 001110e19950000US |||||||||||||||||spa|d
082 0 4 |a 338.973  |b PRZ  |2 21 
100 0 |a Przeworski, Adam  |e author  |9 451778 
245 1 0 |a Democracia y mercado: reformas políticas y económicas en la Europa del este y América Latina 
300 |a 356 p 
942 |c BK 
945 |d 20001110 00:00:00  |a vberengu 
260 |a Nueva York  |b Cambridge University  |c 1995 
650 0 |a Capitalismo  |9 255255 
650 0 |a Democracia  |9 255256 
650 0 |a Desarrollo económico y social   |9 256320 
650 7 |a REFORMAS ECONOMICAS  |2 CL-VaPUC  |9 403130 
650 7 |a REFORMAS POLITICAS  |2 CL-VaPUC  |9 375704 
650 0 |a Socialismo  |9 255260 
583 |a last modification  |c 20001110 00:00:00  |k Rodrigo Vera 
999 |c 292312  |d 292310 
952 |0 0  |1 0  |4 0  |6 338_973000000000000_PRZ_1995  |7 0  |8 A  |9 343092  |a BIBDER  |b BIBDER  |d 2019-11-20  |i 3662764  |o 338.973 PRZ 1995  |p 3662764  |r 2023-01-25  |w 2019-11-20  |y BK  |k DER 
952 |0 0  |1 0  |4 0  |6 338_973000000000000_PRZ_1995  |7 0  |8 A  |9 343093  |a BIBHIS  |b BIBHIS  |d 2019-11-20  |i 3709779  |o 338.973 PRZ 1995  |p 3709779  |r 2025-01-20  |w 2019-11-20  |y BK  |k HIS